00589nam a2200169Ia 4500008004000000020001500040082001300055100003400068245003900102260004100141300001600182650002100198690001600219906001000235999001900245952015500264210210b1995 xxu||||| |||| 00| 0 eng d a0697127605 a576 NESM aNESTER (Eugene W) and others. aMicrobiology: a human perspective. aLondonbWM C. Brown Publishersc1995 axxviii, 812 aMicrobiology  aMicrobiolog a05522 c102974d102974 001040708BiologyaALbALcBiologyd2021-02-17eYashashwi Enterprises, Bangalore.g2694.00l0o576 NESMp055228r2021-02-17 00:00:00w2021-02-17yBK